[Event "Rheinhessen-ch U16/U18"]
[Site "Heidesheim"]
[Date "2014.01.07"]
[Round "1"]
[White "Kirsch, Simon"]
[Black "Schulze Thesing, Lars"]
[Result "1/2-1/2"]
[WhiteElo "1395"]
[BlackElo "972"]
[PlyCount "113"]
[EventDate "2014.01.07"]
[EventType "swiss"]
[EventRounds "7"]
[EventCountry "GER"]
[SourceTitle "EXT 2015"]
[Source "ChessBase"]
[SourceDate "2014.11.20"]
[SourceVersion "1"]
[SourceVersionDate "2014.11.20"]
[SourceQuality "1"]

1. e4 e6 2. d4 d5 3. exd5 exd5 4. Nf3 Nf6 5. Be2 Be7 6. 0-0 0-0 7. Bf4 Bf5 8. Nc3 Bd6 9. Bxd6 Qxd6 10. Bd3 Bxd3 11. Qxd3 Nc6 12. Rfe1 Rfe8 13. Rad1 Rxe1+ 14. Rxe1 Re8 15. Rxe8+ Nxe8 16. Qf5 Qe6 17. Qxd5 Qxd5 18. Nxd5 h6 19. c3 f5 20. b4 Kf7 21. b5 Ne7 22. Ne5+ Ke6 23. Nf4+ Kf6 24. h4 g5 25. Nd7+ Kg7 26. hxg5 hxg5 27. Ne6+ Kh6 28. Ne5 c6 29. c4 cxb5 30. cxb5 Nd5 31. Nf7+ Kg6 32. Nfxg5 Nc3 33. Nf3 Nxb5 34. a4 Nc3 35. a5 Nd5 36. Nd2 Nec7 37. Nxc7 Nxc7 38. f3 Nb5 39. Nb3 Kf6 40. Kf2 Ke6 41. Ke3 b6 42. axb6 axb6 43. Kf4 Nc3 44. g4 fxg4 45. fxg4 Kf6 46. g5+ Kg6 47. Ke5 Kxg5 48. Kd6 b5 49. Kc5 Kf5 50. Kb4 Ne2 51. d5 Ke5 52. Kc5 Nf4 53. d6 Ne6+ 54. Kc6 Nd8+ 55. Kc7 Nf7 56. d7 Kf6 57. Nd4 1/2-1/2

[Event "Rheinhessen-ch U16/U18"]
[Site "Heidesheim"]
[Date "2013.01.06"]
[Round "6.6"]
[White "Hinrichs, Niklas"]
[Black "Kirsch, Simon"]
[Result "0-1"]
[WhiteElo "1265"]
[BlackElo "1394"]
[PlyCount "66"]
[EventDate "2013.01.06"]
[EventType "swiss"]
[EventRounds "7"]
[EventCountry "GER"]
[SourceTitle "EXT 2014"]
[Source "ChessBase"]
[SourceDate "2013.11.20"]
[SourceVersion "1"]
[SourceVersionDate "2013.11.20"]
[SourceQuality "1"]

1. d4 f5 2. c4 Nf6 3. Nc3 g6 4. b3 Bg7 5. Bb2 0-0 6. e3 d6 7. Nf3 c6 8. Be2 Re8 9. 0-0 Na6 10. Qd2 Nc7 11. Rac1 Bd7 12. Rfd1 e6 13. c5 d5 14. b4 Ne4 15. Qc2 a6 16. Na4 Bh6 17. Nb6 Ra7 18. Ne5 Bc8 19. f3 Bxe3+ 20. Kf1 Qh4 21. Bd3 Qxh2 22. Bxe4 fxe4 23. Ng4 Qg1+ 24. Ke2 Qxg2+ 25. Ke1 Qh1+ 26. Ke2 Qxf3+ 27. Ke1 Qxg4 28. Qh2 Bf4 29. Qh1 Qg3+ 30. Ke2 Qe3+ 31. Kf1 Rf8 32. Rc2 Bh2+ 33. Kg2 Qg3# 0-1

[Event "Rheinhessen-ch U16/U18"]
[Site "Heidesheim"]
[Date "2013.01.06"]
[Round "7.1"]
[White "Kirsch, Simon"]
[Black "Anders, Eric"]
[Result "0-1"]
[WhiteElo "1394"]
[BlackElo "1836"]
[PlyCount "58"]
[EventDate "2013.01.06"]
[EventType "swiss"]
[EventRounds "7"]
[EventCountry "GER"]
[SourceTitle "EXT 2014"]
[Source "ChessBase"]
[SourceDate "2013.11.20"]
[SourceVersion "1"]
[SourceVersionDate "2013.11.20"]
[SourceQuality "1"]

1. d4 Nf6 2. c4 g6 3. Nc3 Bg7 4. e4 d6 5. Nf3 0-0 6. Be2 Nc6 7. Bg5 h6 8. Bh4 g5 9. Bg3 Nh5 10. d5 Nxg3 11. hxg3 Ne5 12. Qc2 c5 13. Nd1 Qa5+ 14. Kf1 Ng4 15. e5 Nxe5 16. Nxg5 f5 17. Ne6 Bxe6 18. dxe6 Nc6 19. Ne3 Nd4 20. Qb1 Rf6 21. Bd3 Raf8 22. Rh5 Qd2 23. Nd5 Rxe6 24. Bxf5 Re2 25. Bh7+ Kh8 26. Nf4 Rxf2+ 27. Kg1 R8xf4 28. gxf4 Rxg2+ 29. Kh1 Nf3 0-1